2023 Year in Review - Statistics

General Stats
  • This quiz has been taken 896 times
    596 since last reset
  • The average score is 16 of 32
Answer Stats
Event Answer % Correct
Social media platform that changed its name to X Twitter 1 World News
97%
Country that surpassed China as the most populous in the world India 1 World News
93%
Monarch subject of Britain’s first coronation in 70 years King Charles III 1 World News
91%
President of the United States who became the first to be indicted Donald Trump 3 Politics
86%
Member of the British Royal Family who released his memoir Spare Prince Harry 1 World News
85%
All five crew members of a submersible were killed whilst exploring the wreck of which ship? Titanic 1 World News
84%
Contrasting blockbuster films that were released simultaneously, known collectively as Barbenheimer Barbie 2 Arts
76%
Contrasting blockbuster films that were released simultaneously, known collectively as Barbenheimer Oppenheimer 2 Arts
75%
Singer named Time Person of the Year Taylor Swift 2 Arts
67%
Friends actor who died aged 54 Matthew Perry 2 Arts
63%
Basketball icon who became the NBA's all-time leading scorer LeBron James 4 Sport
55%
American soccer club that Lionel Messi signed for Inter Miami 4 Sport
54%
Hamas led an invasion of Israel on this date 7 October 1 World News
52%
English football club that won the Treble Manchester City 4 Sport
51%
Chinese President appointed to historic third term in office Xi Jinping 3 Politics
51%
Serbian tennis player who won a record 24th men's singles title Novak Djokovic 4 Sport
50%
Winners of Super Bowl LVII Kansas City Chiefs 4 Sport
46%
Religious leader who apologised after a video showed him asking a boy to suck his tongue Dalai Lama 1 World News
43%
The Best and What's Love Got to Do with It singer who died aged 83 Tina Turner 2 Arts
43%
Singer who won a record 32nd Grammy Award Beyoncé 2 Arts
42%
Leading scorer of the above who broke the record for most goals in a single Premier League season Erling Haaland 4 Sport
42%
Former British Prime Minister who make a shock return to politics as Foreign Secretary David Cameron 3 Politics
41%
Now and Then was released as the final song of which band? The Beatles 2 Arts
38%
Name of the Russian state-funded private military company, led by Yevgeny Prigozhin, which launched a rebellion on Vladimir Putin Wagner Group 3 Politics
31%
Andrew Lloyd Webber musical which ended its run on Broadway after 35 years Phantom of the Opera 2 Arts
29%
English FIFA World Cup and Ballon d'Or Winner who died aged 86 Sir Bobby Charlton 4 Sport
28%
The local council of this British city declared itself bankrupt Birmingham 3 Politics
23%
Release of this final instalment in the Indiana Jones series Indiana Jones and the {Dial} {of} {Destiny} 2 Arts
22%
City in which COP28 was held Dubai 3 Politics
21%
New Zealand Prime Minister who stood down after five years in office Jacinda Ardern 3 Politics
20%
NHL team who broke the record for most team points in a season Boston Bruins 4 Sport
12%
American rock band that kicked off their "Peace Out" Farewell Tour Aerosmith 2 Arts
11%
No matching quizzes found
Score Distribution
Percent of People with Each Score
Percentile by Number Answered
Your Score History
You have not taken this quiz since the last reset